000 00292nam a2200121 i 4500
001 bg
245 0 _aSystems Science VIII :
_bInternational Conference on Systems.
260 _aWrocław,
_c1983.
040 _cBPK
041 _apol
942 _cKS
008 s pl f |000 0 pol
999 _c22548
_d22548
856 _uhttp://koha.tu.koszalin.pl/cgi-bin/koha/opac-detail.pl?biblionumber=22548
_yKatalog online BPK